000 00622nam a22001937a 4500
999 _c169622
_d169622
005 20191127122125.0
010 _aUR-10629
020 _c133.00
_a9789388736985
035 _aU-9184
037 _bDBAD/PUB
_a-
082 _a840.08
100 _aا سو د گو ہر
245 _aگل منصو ص
_cا سو د گو ہر
246 _bGul-e-Mansoos (Urdu)
_aby Aswad Gowher
260 _aDelhi
_bEducational Publishing House
_c2019 ء
270 _a3191,Vakil Street, Kucha Pandit,Lal Kuan,
_bDelhi
_e110006
_k01123216162
_l-
300 _a216 ص
_c22 Cm(Hb)
942 _2ddc
_cUR
_h840.08
_mا س و